Štúdium reakcie celulózy a močoviny s cieľom vytvorenia nových väzieb medzi vláknami celulózy diplomová práce

Guardado en:
Detalles Bibliográficos
Autor principal: Šarinová, Martina
Formato: Libro
Lenguaje:eslovaco
Publicado: Bratislava STU FCHPT 2018
Acceso en línea:Ver en el OPAC
Etiquetas: Agregar Etiqueta
Sin Etiquetas, Sea el primero en etiquetar este registro!

MARC

LEADER 00000nam a2200000 a 4500
005 20260127134234.0
008 181109 2018 xo a 001 0 slo d
035 |a vtls011789919 
039 9 |y 201811091326  |z mschk03 
040 |a STUSCHK1  |b slo  |c STUSCHK1  |e AACR2 
100 1 |a Šarinová, Martina 
245 1 |a Štúdium reakcie celulózy a močoviny s cieľom vytvorenia nových väzieb medzi vláknami celulózy  |b diplomová práce  |c Martina Šarinová 
260 |a Bratislava  |b STU FCHPT  |c 2018 
300 |a 77 s.  |b il.  |c 25 cm 
500 |a Študijný program: chemické technológie 
500 |a Študijný odbor: chemické technológie 
500 |a Školiace pracovisko: Oddelenie organickej technológie, katalýzy a ropy 
500 |a Evid. číslo: FCHPT-5439-65863 
910 |a SCHK95 
999 |c 7527  |d 7527